Pantera Songs - Statistics

General Stats
  • This quiz has been taken 1,073 times
  • The average score is 28 of 72
Answer Stats
% Correct
Cowboys from Hell
96%
Cowboys from Hell
96%
Walk
91%
Cemetery Gates
80%
Domination
78%
5 Minutes Alone
75%
I'm Broken
72%
This Love
72%
Floods
71%
The Great Southern Trendkill
69%
The Great Southern Trendkill
69%
Mouth for War
66%
Hollow
65%
Fucking Hostile
59%
A New Level
57%
10's
54%
Primal Concrete Sledge
54%
The Art of Shredding
54%
Revolution Is My Name
53%
Becoming
52%
Psycho Holiday
52%
Planet Caravan
51%
Heresy
47%
The Sleep
47%
Drag the Waters
46%
Strength Beyond Strength
44%
Medicine Man
43%
Rise
43%
By Demons be Driven
41%
Shattered
40%
Power Metal
39%
Power Metal
39%
Regular People (Conceit)
39%
Good Friends and a Bottle of Pills
38%
Slaughtered
38%
War Nerve
38%
Yesterday Don't Mean Shit
36%
Message in Blood
35%
Shedding Skin
35%
The Underground in America
35%
25 Years
34%
Live in a Hole
34%
No Good (Attack the Radical)
34%
13 Steps to Nowhere
33%
Goddamn Electric
33%
Sandblasted Skin (Reprise)
33%
Hard Lines, Sunken Cheeks
30%
Clash with Reality
29%
Hellbound
29%
Throes of Rejection
29%
Use My Third Arm
29%
Living Through Me (Hell's Wrath)
25%
Death Rattle
23%
I'll Cast a Shadow
21%
We'll Grind That Axe for a Long Time
21%
Far Beyond Driven
20%
Uplift
17%
Reinventing the Steel
16%
Suicide Note Pt. I
16%
Suicide Note Pt. II
16%
It Makes Them Disappear
15%
Vulgar Display of Power
15%
You've Got to Belong to It
13%
We'll Meet Again
10%
P*S*T*88
7%
Rock the World
7%
Death Trap
6%
Burnnn!
5%
Down Below
5%
Hard Ride
5%
Over and Out
5%
Proud to be Loud
5%
No matching quizzes found
Score Distribution
Percent of People with Each Score
Percentile by Number Answered
Your Score History
You have not taken this quiz